Countries with the Most 1M Cities - Statistics

General Stats
  • This quiz has been taken 124 times
  • The average score is 11 of 12
Answer Stats
# Country % Correct
124 China
100%
59 India
100%
56 United States
99%
21 Brazil
98%
15 Russia
95%
13 Japan
93%
10 United Kingdom
93%
18 Mexico
92%
17 Indonesia
91%
10 Germany
90%
15 Nigeria
83%
11 Turkey
73%
No matching quizzes found
Score Distribution
Percent of People with Each Score
Percentile by Number Answered
Your Score History
You have not taken this quiz